Creacin̤ de Empresas Emprendimiento e innovacin̤ /

Bibliographic Details
Main Author: Brunet Icard, Ignasi
Format: eBook
Language:Spanish
Published: Bogot:̀ Ediciones de la U, 2011
Subjects:
Online Access:Acceso restringido

MARC

LEADER 00000nam a22000007a 4500
005 20210515135848.0
007 cr|||| ||||
008 210515s2011 co |||||s|||| 00||0 spa d
020 |a 978-958-8675-46-6 
035 |a 33352 
040 |a vLex 
090 |c 11680  |d 11680 
100 1 |a Brunet Icard, Ignasi 
245 1 0 |a Creacin̤ de Empresas  |h [Recurso electrn̤ico] :  |b Emprendimiento e innovacin̤ /  |c Ignasi Brunet Icard 
256 |a Servicio en ln̕ea 
260 |a Bogot:̀  |b Ediciones de la U,  |c 2011 
300 |a 1 recurso electrn̤ico 
500 |a En el marco cada vez ms̀ hegemn̤ico del modelo de capitalismo emprendedor, orientado hacia el mercado y a la obtencin̤ de mejores resultados econm̤icos, este libro desarrolla la literatura sobre la funcin̤ empresarial, convertida en un factor relevante de la conducta de las empresas y de la estructura de mercado. Funcin̤ totalmente instalada en las sociedades occidentales redibujando la geografa̕ de la globalizacin̤, lo que ha elevado la importancia competitiva de la innovacin̤, situǹdola como proceso creativo esencial para la economa̕, para el mundo empresarial, y ms̀ especf̕icamente, para la estrategia empresarial.El incremento de la importancia del factor conocimiento y su aplicacin̤ comercial (la innovacin̤) como factor clave en los fenm̤enos econm̤icos ha generado las expresiones economa̕ basada en la innovacin̤, capitalismo emprendedor y/o neoschumpeteriano.Describen las tendencias actuales de las economa̕s y de los nuevos modelos productivos, afectados por el ritmo de los avances cientf̕ico tecnolg̤icos, su creciente complejidad y su papel determinante en los engranajes de la globalizacin̤ econm̤ica; globalizacin̤ que depende cada vez ms̀ del conocimiento, de la informacin̤, de los altos niveles de cualificacin̤ de los trabajadores y del rp̀ido acceso a todos ellos por parte de los sectores pb︢lico y privado.El incremento de la importancia del factor conocimiento y su aplicacin̤ comercial (la innovacin̤) como factor clave en los fenm̤enos econm̤icos ha generado las expresiones economa̕ basada en la innovacin̤, capitalismo emprendedor y/o neoschumpeteriano.Describen las tendencias actuales de las economa̕s y de los nuevos modelos productivos, afectados por el ritmo de los avances cientf̕ico tecnolg̤icos, su creciente complejidad y su papel determinante en los engranajes de la globalizacin̤ econm̤ica; globalizacin̤ que depende cada vez ms̀ del conocimiento, de la informacin̤, de los altos niveles de cualificacin̤ de los trabajadores y del rp̀ido acceso a todos ellos por parte de los sectores pb︢lico y privado.Describen las tendencias actuales de las economa̕s y de los nuevos modelos productivos, afectados por el ritmo de los avances cientf̕ico tecnolg̤icos, su creciente complejidad y su papel determinante en los engranajes de la globalizacin̤ econm̤ica; globalizacin̤ que depende cada vez ms̀ del conocimiento, de la informacin̤, de los altos niveles de cualificacin̤ de los trabajadores y del rp̀ido acceso a todos ellos por parte de los sectores pb︢lico y privado. 
506 1 |a Disponible solo en los productos indicados  |d vLex Global  |d vLex Global (Academic Edition, excluding Law Schools)  |d vLex Global (U.S. Academic Edition, Law Schools)  |d vLex Global (U.S. Academic Edition, excluding Law Schools)  |d vLex Global (Academic Edition, Law Schools) 
650 0 4 |a Economa̕ y negocios  |z Colombia 
740 0 |a vLex Libros (Servicio en ln̕ea) 
856 4 0 |u https://vlex.com/source/creacion-de-empresas-emprendimiento-e-innovacion-33352  |z Acceso restringido 
942 |c BOOK 
999 0 |a Economy and business